[Event "Madrid Magistral 7th"]
[Site "Madrid"]
[Date "1998.05.13"]
[Round "3"]
[White "Krasenkow, Michal"]
[Black "Adams, Michael"]
[Result "1/2-1/2"]
[WhiteElo "2660"]
[BlackElo "2670"]
[Annotator "Ribli,Z"]
[PlyCount "102"]
[EventDate "1998.05.11"]
[EventType "tourn"]
[EventRounds "9"]
[EventCountry "ESP"]
[EventCategory "17"]
[SourceTitle "CBM 065"]
[Source "ChessBase"]
[SourceDate "1998.08.06"]
[SourceVersion "1"]
[SourceVersionDate "1998.08.06"]
[SourceQuality "1"]

1. Nf3 Nf6 2. c4 e6 3. Nc3 c5 4. e4 {Heutzutage ist diese Variante populär.
Man kann diese Stellung auch über die Sizilianische Verteidigung nach 1.e4 c5
2.Nf3 e6 3.c4 Nf6 4.Nc3 erreichen. Ribli.} Nc6 5. Be2 b6 $5 {Dieser Zug und 5..
.a6 sind meines Erachtens viel besser als die auf ersten Blick natürliche
Antwort 5...d5.} (5... d5 6. e5 Ne4 7. O-O Be7 8. Qc2 Ng5 (8... f5 9. Na4 h6
10. cxd5 Nb4 11. Qb3 exd5 12. d3 Ng5 13. Nh4 Be6 14. Bh5+ Kd7 15. d4 {1-0
Rublevsky,S-Krasenkow,M/Rubinstein mem 1997 (35)}) 9. Nxg5 Bxg5 10. cxd5 exd5
11. Bb5 O-O 12. Bxc6 bxc6 13. d3 Bf5 14. Qe2 Re8 15. Re1 h6 16. Bxg5 Qxg5 17.
Na4 f6 18. Qe3 Qxe3 19. fxe3 Rxe5 20. Nxc5 Rae8 21. Kf2 Bg6 22. d4 Rf5+ 23. Kg1
Rg5 24. Rac1 {Anand,V-Adams,M/FIDE WCh KO 1997/1/2-1/2 (51)}) (5... a6 6. O-O
Qc7 7. a3 (7. d4 cxd4 8. Nxd4 Bb4 $13) 7... b6 8. d4 cxd4 9. Nxd4 Bb7 $11 {
In dieser Igelstellung sollte Schwarz keine Probleme bekommen.} 10. Kh1 Bc5 (
10... Ne5 $5 {[%csl Rc4,Re4]}) 11. Nc2 Be7 12. f4 O-O 13. b4 Rfd8 $13 {Schwarz
hat eine normale Igelstellung in der Partie Horvath,Jo-Holzl,F,Budapest 1998.})
6. b3 (6. O-O Bb7 7. Re1 (7. d4 cxd4 8. Nxd4 Nxd4 9. Qxd4 Bc5 10. Qd3 Qb8 (
10... Qc7 11. Be3 O-O 12. Rfd1 Rfd8 13. Rac1 Rac8 14. a3 Qe5 15. Bxc5 bxc5 16.
Bf3 Ba6 17. b3 {1/2-1/2 Cifuentes Parada,R-Piket,J/NLD-ch 1992}) 11. Be3 O-O
12. Bxc5 bxc5 13. f4 d6 14. Rad1 Rd8 15. Bf3 Rd7 16. Qe3 {Smirin,I-Hansen,C/
EU-ch Rapid-30' 1996/1/2-1/2 (49)}) 7... Qb8 8. h3 Bd6 9. d4 cxd4 10. Nxd4 Bh2+
11. Kh1 Nxd4 12. Qxd4 Be5 13. Qd3 O-O 14. Bf3 Rc8 $13 {1/2-1/2 Ruck,R-Ribli,Z/
tt_HUN 1996 (40)}) (6. d4 cxd4 7. Nxd4 Nxd4 (7... Qc7 8. a3 Bb7 9. Be3 Rc8 10.
Rc1 {1/2-1/2 Oratovsky,M-Gofshtein,L/ISR-ch 1994}) 8. Qxd4 Bc5 9. Qd3 Qc7 (9...
e5 10. Be3 Bb7 11. O-O O-O 12. Rfd1 Qe7 13. a3 Bxe3 14. Qxe3 Rfc8 15. Rac1 Qc5
16. Qxc5 bxc5 17. f3 a5 {1/2-1/2 Smirin,I-Soffer,R/Tel Aviv Cup rapid 1996 (43)
}) 10. a3 $5 (10. Be3 a6 11. O-O Bb7 12. Rad1 Be7 13. f4 d6 14. Bd4 O-O 15. Qg3
Rad8 16. f5 e5 17. Be3 Kh8 18. Qf3 h6 19. h4 b5 20. cxb5 axb5 21. Bxb5 Qa5 22.
Bc4 Qb4 23. Bd5 Qxb2 {0-1 Jarmolinskaya,M-Oratovsky,M/Tel Aviv ASA 1993 (42)})
10... a6 11. O-O (11. g4 $5) (11. Be3 $5) (11. f4 e5 12. Qg3 $13) 11... h5 $1
12. g3 Bb7 13. Bf4 Qc6 14. b4 Be7 15. b5 axb5 16. cxb5 Qc5 17. a4 d5 18. exd5
Nxd5 19. Nxd5 Qxd5 {Har_Zvi,R-Oratovsky,M/Israel 1993/1/2-1/2 (42)}) 6... Bb7
7. Bb2 Qb8 $5 {[%csl Gb8][%cal Gb8h2] Schwarz spielt (noch) nicht ...d7-d6
oder ...d7-d5, er sucht Spiel auf den schwarzen Felden.} (7... d5 $5) 8. d3 (8.
d4 cxd4 9. Nxd4 Bb4 10. O-O Bxc3 11. Bxc3 Nxe4 12. Bb2 {Die schwachen
schwarzen Felder im Lager des Nachziehenden bieten dem Weißen etwas
Kompensation.} (12. Nxc6 Nxc3 13. Nxb8 Nxd1 $15 14. Nxd7 $2 Nc3 $19)) 8... Be7
9. Qd2 O-O 10. O-O (10. O-O-O a6 $5 {[%csl Rc1]} (10... d5 11. exd5 exd5 12.
cxd5 Nb4 {[%csl Rd5]})) 10... Ng4 $11 11. h3 {Mit der Dame auf c2 wäre dieser
Zug unmöglich wegen des sofortigen schwarzen Gewinns mit 11...Nd4!, nachdem
die Dame hängt und 12...Nxf3+ nebst 13...Qh2# droht.} (11. Rad1 Nd4 12. g3
Nxf3+ 13. Bxf3 Ne5 {[%csl Yd4][%cal Re5f3,Ge5c6,Gc6d4]}) 11... Nge5 12. Nxe5
Nxe5 {[%csl Yd4]} 13. Rae1 (13. d4 $5 cxd4 14. Qxd4 f5 (14... d6) (14... Ng6
15. Nd5 $16 {[%cal Rb2g7]}) 15. exf5 Rxf5 $13) 13... Nc6 14. Bd1 Bf6 {[%csl
Yd4] Schwarz kontrolliert das positionelle Loch auf d4.} 15. f4 Bd4+ (15... d6
$11) 16. Kh1 f5 17. e5 (17. Bf3 $5 fxe4 18. Bxe4 $11 (18. dxe4 $2 Qxf4 $17))
17... a6 18. Bf3 {Endlich aktiviert Weiß seinen schlechten Läufer.} Ne7 19. Ne2
{Beide Parteien planen, den gegnerischen starken Läufer zu tauschen.} Bxb2 20.
Bxb7 Qxb7 21. Qxb2 {Weiß hat die Felderschwäche d4, sowie den schwachen Bauern
auf d3, während sich bei Schwarz auf d6 und d7 ein ähnliches Bild abzeichnet.}
b5 22. Qd2 Qb6 (22... Rad8 $11 {Schwarz bereitet den Befreiungszug ...d7-d5
vor.}) 23. Rc1 d5 (23... h6 24. d4 cxd4 25. Qxd4 Qxd4 26. Nxd4 bxc4 27. Rxc4
Nd5 {[%csl Gd5]}) (23... Rfd8) 24. exd6 Qxd6 {[%csl Rd3,Yd4,Ye5,Re6]} 25. Qe3
Rfd8 26. Nc3 (26. cxb5 axb5 27. Rxc5 Nd5 28. Qf2 Rxa2 $13) 26... b4 (26... Rab8
$11) 27. Na4 {[%csl Rc5]} Rac8 (27... Qxd3 $2 28. Qxe6+ $16 {[%csl Rc5,Rg8]})
28. Rce1 Rc6 (28... Kf7 $5) 29. Rf3 Ng6 {Der Springer stand schlecht auf e7.
Jetzt droht eventuell ...Nh4 oder Schwarz beginnt ein langes Springermanöver
beginnend mit ...Nf8.} 30. g3 h6 31. Qe2 Qd4 $15 {[%csl Ra4,Gd4] Die Schwächen
sind beiderseitig, aber die schwarzen Figuren stehen aktiver.} 32. Re3 {
[%cal Re1e6]} Rdd6 33. Qf3 a5 {Das ist ein typische Manöverkampf - es gibt
keine konkreten Angriffspunkten und die Spieler verbessern ihre Stellungen mit
kleinen Zügen.} 34. Kg2 Kh7 35. Kf1 Nf8 $1 {[%cal Gf8d7,Gd7b6] Der Springer
strebt nach b6, um sich abzutauschen.} 36. Kg2 Nd7 37. Kh1 Nb6 38. Nxb6 Rxb6
39. g4 $1 $36 {Weiß muß nach Gegenspiel bestrebt sein, denn Schwarz kann sich
mit ...a5-a4 die Initiative am Damenflügel sichern.} a4 40. g5 $132 {[%csl Rh7]
} axb3 41. axb3 Ra6 {[%csl Ga6][%cal Ga6a1] Die schwarzen Figuren stehen
bereit, über den Damenflügel einzudringen, aber der Weiße kommt mit seinem
Gegenspiel gerade noch rechtzeitig.} (41... hxg5 $2 42. Qh5+ Kg8 43. Qe8+ {
Weiß hat mindestens Dauerschach.} Kh7 44. fxg5 $14 {[%csl Rh7]} Qh4 45. g6+ Kh6
46. Qh8+ $18) 42. gxh6 Kxh6 (42... gxh6 $6 43. Qh5 {[%csl Rh7]}) 43. Qf2 Kh7
44. Qh4+ Kg8 45. Qe7 $11 {[%csl Ge7,Rg8] Durch seine aktive Damenstellung
sichert sich Weiß gleiche Chancen.} Qf6 46. Qe8+ (46. Qxf6 gxf6 47. Rg1+ {
[%csl Rg8]} Kh7 (47... Kf7 48. Reg3 e5 49. fxe5 fxe5 50. Rg7+ Ke8 $11) 48. Reg3
Ra7 $11) 46... Kh7 47. Rg3 {[%csl Rh7]} Rd8 48. Qh5+ Kg8 (48... Qh6 49. Qf7 $11
) 49. Rg6 {[%csl Rf6,Gg6,Rg8,Gh5]} (49. Reg1 Ra1 $11) 49... Qc3 {[%csl Rb3,Gc3,
Rd3,Gg6,Rg8,Gh5]} 50. Rgxe6 Rxe6 51. Rxe6 Qxd3 {und remis wegen Dauerschach.} (
51... Qxd3 52. Re8+ Rxe8 53. Qxe8+ Kh7 54. Qh5+) (51... Qc1+ 52. Kg2 Qxf4 53.
Re8+ Rxe8 54. Qxe8+ Kh7 55. Qh5+ $11) 1/2-1/2

[Event "Ptuj zt"]
[Site "Ptuj"]
[Date "1995.??.??"]
[Round "12"]
[White "Kortschnoj, Viktor Lvovich"]
[Black "Grosar, Aljosa"]
[Result "1-0"]
[WhiteElo "2635"]
[BlackElo "2475"]
[Annotator "Ribli,Z"]
[PlyCount "79"]
[EventDate "1995.04.??"]
[EventType "tourn"]
[EventRounds "15"]
[EventCountry "SLO"]
[EventCategory "10"]
[SourceTitle "CBM 047"]
[Source "ChessBase"]
[SourceDate "1995.08.01"]
[SourceVersion "1"]
[SourceVersionDate "1995.08.01"]
[SourceQuality "1"]

1. c4 Nf6 2. Nc3 c5 3. Nf3 d5 4. cxd5 Nxd5 5. e3 Nxc3 6. bxc3 g6 7. Bb5+ Nd7 (
7... Bd7 $6 8. Qb3 Qb6 9. c4 Bg7 10. Bxd7+ Nxd7 11. Rb1 Qxb3 12. Rxb3 $14 {
Nikcevic,N-Mohandessi,S/EUCup Balatonbereny/1994/CBM43/}) 8. d4 Bg7 9. a4 O-O
10. O-O Qc7 (10... b6 $5 11. Ba3 Bb7 12. Re1 Nf6 $13 {Kortchnoj,V-Gavrikov,V/
Horgen/1994/CBM43/INF61,39/}) 11. e4 Rd8 12. Qe2 $1 {Das ist eine Neuerung.} (
12. Ba3 Nf6 13. Qe1 b6 14. Rd1 a6 15. Bd3 Bg4 16. e5 Bxf3 17. gxf3 Nd5 $13 {
Kortschnoj,V-Sax,G/Wijk/1992/CBM28/INF53,(53)/}) 12... Nf8 (12... a6 13. Bc4
cxd4 14. cxd4 Nb6 15. Bb3 Bxd4 16. Nxd4 Rxd4 17. Bb2 $44) 13. Be3 Bg4 14. Rfd1
Ne6 15. e5 a6 16. Bc4 (16. Bd3 $2 cxd4 17. cxd4 Bxf3 18. Qxf3 Nxd4 $17) 16...
cxd4 17. cxd4 Bxf3 18. gxf3 Nf8 19. Rab1 Rab8 20. f4 $36 {Weiss hat fuer den
Doppelbauern eine starke Initiative (b-Linie und aktive Laeufer).} e6 21. d5 $1
b5 $2 (21... exd5 $5 22. Bxd5 $1 $14 (22. Bb6 $6 Qc6 23. Bxd8 dxc4 $44 {
Schwarz hat gute Kompensation fuer die Qualitaet.})) 22. axb5 axb5 23. Rxb5
exd5 (23... Rxb5 24. d6 $1 $18) 24. Rbxd5 Rxd5 25. Bxd5 Qe7 26. Qc4 Ne6 27. Ra1
$1 {Der Turm gehoert einer offenen Linie.} Bf8 28. Ra7 Qe8 29. h3 $1 {Weiss
hat Zeit fuer alles.} Qc8 30. Qa2 Qe8 31. Kg2 Qc8 32. Ra6 Qc3 (32... Nd8 33. e6
fxe6 34. Rxe6 $18) 33. Bxe6 Rb2 34. Bxf7+ {Die naechsten Zuege sind erzwungen.}
Kg7 (34... Kh8 35. Qe6 Qxe3 36. Qf6+ Bg7 37. Ra8+ $18) 35. Qe6 Qxe3 36. Qf6+
Kh6 37. Qg5+ Kg7 38. Rxg6+ {Ein eleganter Abschluss der Partie.} Kxf7 (38...
hxg6 39. Qxg6+ Kh8 40. Qg8#) 39. Qf5+ Ke7 40. Re6+ {Weiss wird in einigen
Zuegen Matt geben. Ribli} 1-0

[Event "BIH-chT"]
[Site "Neum"]
[Date "2002.06.04"]
[Round "4.2"]
[White "Lputian, Smbat G"]
[Black "Perunovic, Milos"]
[Result "1/2-1/2"]
[WhiteElo "2634"]
[BlackElo "2478"]
[Annotator "Ribli,Z"]
[PlyCount "164"]
[EventDate "2002.06.02"]
[EventType "team"]
[EventRounds "9"]
[EventCountry "BIH"]
[SourceTitle "CBM 090"]
[Source "ChessBase"]
[SourceDate "2002.09.20"]
[SourceVersion "1"]
[SourceVersionDate "2002.09.20"]
[SourceQuality "1"]
[WhiteTeam "Kiseljak"]
[BlackTeam "Bijeljina"]
[WhiteTeamCountry "BIH"]
[BlackTeamCountry "BIH"]

1. c4 c5 2. Nf3 Nc6 3. g3 Nf6 4. Bg2 d5 5. cxd5 Nxd5 6. Nc3 (6. d4 cxd4 7. Nxd4
Ndb4 8. Nxc6 Qxd1+ 9. Kxd1 Nxc6 $11) 6... Nc7 7. O-O e5 {Auf diese Weise haben
wir eine Stellung der Maroczy-Variante der Sizilianischen Verteidigung
erhalten, aber mit umgekehrten Farben. Weiß hat Entwicklungsvorteil, aber die
schwarze Zentrumstellung ist sehr stark.} 8. d3 Be7 9. Nd2 Bd7 10. Nc4 f6 (
10... O-O 11. Bxc6 Bxc6 12. Nxe5 Be8 13. Qb3 $14 {Schwarz hat einige
Kompensation für den geopferten Bauern, aber die weißen Chancen sind besser.})
11. f4 b5 12. Ne3 Rc8 13. a4 b4 (13... a6 $2 14. axb5 axb5 15. Ned5 {+/-
Kochiyev,A-Forintos,G/Magyarorszag 1978}) 14. Nb5 exf4 (14... a6 15. Nxc7+ Qxc7
16. Nd5 Qd8 17. a5 $16 {[%csl Yb6]}) 15. Bxc6 $146 {Interessant - dieser Zug
wurde noch nie gespielt.} (15. Rxf4 Ne6 16. Nc4 O-O 17. Nbd6 Nxf4 18. Bxf4 Be6
19. Nxc8 Qxc8 20. Rc1 Qd7 21. Be3 Rd8 22. Qe1 Nd4 {0-1 Houshan,B-Van der
Sterren,P/Luzern 1982/EXT 97-B (35)}) (15. Nxc7+ Rxc7 16. gxf4 (16. Rxf4 O-O
17. Nf5 Be6 18. Be3 Qd7 19. Qf1 Bxf5 20. Rxf5 Nd4 $13 {1-0 Berkes,F-Perunovic,
M/Balatonlelle 2001/EXT 2002 (40)}) 16... Be6 17. Nc4 Qd7 18. Kh1 O-O 19. b3
Nd4 {0-1 Hjartarson,J-Sokolov,A/Rotterdam 1989/CBM 13 (46)}) (15. gxf4 Nxb5 $5
16. axb5 Nd4 17. Rxa7 Nxb5 $13 18. Ra6 O-O 19. f5 Nd4 20. Rf4 Kh8 21. Qf1 Bb5
$15 {0-1 Lputian,S-Leko,P/Wijk aan Zee 2000/CBM 75/[Ribli] (37) '!' Leko,P.}) (
15. Nf5 Bxf5 16. Bxc6+ Bd7 17. Bxd7+ Qxd7 18. Nxc7+ Rxc7 19. Bxf4 Rc6 20. Rc1
h5 {0-1 Szilagyi,P-Pinter,J/HUN 1992/EXT 2000 (69)}) (15. Nc4 fxg3 (15... Nxb5
16. axb5 Nd4 17. Rxa7 Bg4 $6 (17... Nxb5 $1 18. Rb7 fxg3 19. Bf4 $1 gxh2+ 20.
Bxh2 $44 Nd4 21. Nb6 Bg4 22. Nxc8 Bxc8) 18. Rf2 $1 O-O 19. b6 $1 fxg3 20. hxg3
g5 $1 {1/2-1/2 Lautier,J-Leko,P/Batumi 1999/CBM 74/[Lautier] (26)}) 16. Nbd6+
Kf8 17. hxg3 $5 $44 Rb8 18. Be3 Ne6 {[%csl Yd4][%cal Ge6d4,Gc6d4]} 19. Ne4 Be8
(19... Kg8) 20. g4 h6 (20... Kg8) 21. Bf2 h5 $1 22. g5 h4 23. gxf6 gxf6 24. Kh1
Ned4 (24... Ncd4) 25. Bxd4 Nxd4 {0-1 Alvarez,J-Dominguez,L/Holguin City 2002/
CB17/[Ribli Zoltan] (54)}) 15... Bxc6 $5 (15... fxe3 16. Bxd7+ Qxd7 17. Nxc7+ (
17. Bxe3 $2 Nd5 $19 {[%csl Rb5][%cal Ra7a6,Ra6b5,Rd5e3]}) 17... Rxc7 18. Bxe3
Qe6 $11) 16. Nxa7 Bb7 {Mit diesem Zug opfert Schwarz die Qualität - er möchte
dafür auf den weißen Punkten dominieren.} (16... fxe3 17. Nxc6 (17. Nxc8 Qxc8
$19) 17... Qd7 18. Na5 {[%csl Yc4,Re3][%cal Ga5c4]} h5 19. Nc4 $14) 17. Nxc8
fxe3 18. Nb6 (18. Nxe7 Qxe7 $44 {[%csl Gb7][%cal Gb7h1]}) 18... h5 $44 {
[%cal Gh5h4] Schwarz hat eine Qualität weniger, aber er hat deutlichen
positionellen Druck am Königsflügel.} 19. Bxe3 {[%mdl 1024]} h4 20. Kf2 {
Weiß möchte seinen König in Sicherheit bringen.} (20. g4 Nd5 21. Nc4 Nxe3 22.
Nxe3 Qd4 23. Qc1 c4 $132 {[%cal Ge7c5,Gc5g1]} (23... f5 24. Rxf5 g6 $132))
20... hxg3+ 21. hxg3 Nd5 (21... Rh2+ 22. Ke1) 22. Nxd5 (22. Nc4) 22... Qxd5 23.
Ke1 (23. a5 Rh2+ (23... Qg2+ 24. Ke1 Qxg3+ 25. Kd2) 24. Ke1 Qe5 $132 {[%cal
Re5b2,Re5g3]}) 23... Qe5 {[%csl Ge5][%cal Re5b2,Re5g3]} 24. Qd2 Qxg3+ 25. Bf2 (
25. Kd1) 25... Qd6 {Schwarz hat jetzt eine klare Qualität weniger, aber der
gegnerische König steht unsicher und die weißen Türme sind nicht verbunden.}
26. Qe3 {[%cal Ga1c1,Gc1c5,Gf2g3,Gg3d6]} Kf7 27. Rc1 Rh5 {[%csl Gh5][%cal
Gh5e5,Ge5e1]} 28. Bg3 $14 {Weiß ist sehr weit weg von etwas Konkretem, aber
wegen des Materialvorteils steht er etwas besser - andererseits ist seine
Aufgabe (Verwertung des Materialsvorteils) sehr schwer.} Qd7 29. b3 (29. a5 Qa4
30. Bc7 $14) 29... Bd5 $132 {[%csl Gd5][%cal Rd5b3]} 30. d4 (30. Rb1 Rh3 $132)
30... cxd4 31. Qxd4 Qh3 (31... Qe6) 32. Qe3 Qe6 $1 {Auf den ersten Blick ist
der Damentausch nicht logisch (gewöhnlich ist der Tausch vorteilhaft für den
Spieler, der Materialvorteil hat, und der Gegner muss das Spiel komplizieren),
aber das schwarze Läuferpaar ist hier sehr stark und im folgenden kann er
g7-g5 spielen.} 33. Qxe6+ Kxe6 {[%mdl 4096]} 34. Rb1 Bc5 {[%csl Gc5,Gd5]} 35.
Kd2 (35. Bf2 Bd6) 35... Bd4 {[%csl Yc3][%cal Gd4c3,Gc3d2]} 36. Kd3 Bc3 37. Be1
Rh3+ (37... Bxe1 38. Rfxe1 Ke5 $14) 38. e3 (38. Kc2 $4 Be4+ $19) 38... Be5 39.
Bxb4 Rh4 {Es hängt der b4B und gleichzeitig droht 39...Be4+.} 40. Be1 (40. Rf4
Bxf4 41. exf4 Rxf4 $11 (41... Rh3+ 42. Kd4 Rxb3 $11)) 40... Be4+ 41. Ke2 Rh2+ (
41... Bxb1 42. Bxh4 Bc2 43. a5 $16) 42. Bf2 g5 $1 $13 {[%csl Gg5][%cal Rg5g4,
Rg4g3] Der Vormarsch des g-Bauern ist wichtiger, als die Qualität.} (42... Bxb1
43. Rxb1 Bg3 44. Rf1 g5 45. Kf3 Bd6 $14) 43. Rbc1 g4 44. Rc4 (44. b4 g3 45. b5
Bg2 $17) 44... f5 (44... Bf3+ 45. Ke1 (45. Kd3 g3) 45... g3) 45. a5 g3 46. a6
gxf2 47. a7 (47. Rxf2 Rh7 $11) 47... Rh8 48. Rxf2 Bg3 (48... Ra8 49. Ra4 $11)
49. Rf1 Rh2+ 50. Kd1 Ra2 51. Ra4 Rxa4 52. bxa4 $11 {Der weiße a7P ist nur
scheinbar gefährlich und wegen des reduzierten Materials liegt nun ein
Remisergebnis nahe.} Bd6 {[%cal Rd6c5,Rc5a7]} 53. Rg1 Bc5 54. Rg6+ Kd7 55. Rg7+
Kd6 (55... Kc8 56. Rg8+ Kc7 57. a8=Q Bxa8 58. Rxa8 Bxe3 59. Ke2 $18) 56. Kd2 {
[%cal Gd2c3,Gc3c4,Gc4b5]} Bb4+ 57. Ke2 Bc5 {Der weiße König kann nicht in die
Nähe des a7-Bauern kommen.} 58. a5 Bd5 59. Rh7 Be4 60. Rf7 Ke6 (60... Ke5 $11)
61. Rg7 Kd6 62. Rh7 Bd5 63. Rh6+ Kc7 64. Ra6 Ba8 65. Kd3 Kb7 66. Rf6 Bxa7 67.
Rxf5 Ka6 {Jetzt die Stellung ist Totremis - Schwarz kann seinen weißfarbigen
Läufer gegen den e-Bauern geben und, wenn er den a5 nimmt - bekommen wir ein
Endspiel R gegen B, was einfach Remis ist.} 68. e4 Bc6 69. Rf6 Kb5 70. e5 Bb8 (
70... Be8 $11) 71. e6 Kxa5 72. e7 Bd7 73. Kc4 (73. Rf8 Bd6 74. e8=Q Bxe8 75.
Rxe8 $11) 73... Bg3 74. Rh6 Bf4 75. Rg6 Bb5+ 76. Kb3 (76. Kd5 Bd7 $11) 76...
Ba4+ 77. Kc3 Bd7 78. Kc4 Bb5+ 79. Kd5 (79. Kc5 Bd2) 79... Bd2 $4 {EIn
unglaublicher Fehler (in der Partie oder in der Noation?)!} (79... Bd7 $11) 80.
Rg8 $4 (80. Rc6 $18) 80... Bb4 81. Ra8+ Kb6 82. Rb8+ Kc7 1/2-1/2